Catalog

Record Details

Catalog Search



Available copies

  • 2 of 2 copies available at LARL/NWRL Consortium.

Current holds

0 current holds with 2 total copies.

Show Only Available Copies
Location Call Number / Copy Notes Barcode Shelving Location Status Due Date
Crookston Public Library J SID (Text) 33500013733217 Main Available -
Moorhead Public Library J SID (Text) 33500013733225 Main Available -

Record details

  • ISBN: 9781338702095
  • ISBN: 1338702092
  • Physical Description: 277 pages ; 22 cm
  • Edition: First edition.
  • Publisher: New York : Scholastic Press, 2022.

Content descriptions

Summary, etc.:
"When Ashar and Shaheer meet, they quickly ... Read More
Subject: Twins > Juvenile fiction.
Identical twins > Juvenile fiction.
Brothers > Juvenile fiction.
Families > Juvenile fiction.
Moving, Household > Juvenile fiction.
Muslim families > Juvenile fiction.
Pakistani Americans > Juvenile fiction.
False personation > Juvenile fiction.
Twins > Fiction.
Brothers > Fiction.
Families > Fiction.
Muslim families > Fiction.
Pakistani Americans > Fiction.
JUVENILE FICTION / Family / Siblings.
Family members > Juvenile fiction.
Genre: Novels.
LDR 02347cam a2200589Ii 4500
001405450
003LARL_NWRL_CONSORTIUM
00520230111145318.0
008220928t20222022nyu c 000 1 eng d
010 . ‡abl2022029411
040 . ‡aNjBwBT ‡beng ‡erda ‡cLNC ‡dLNC ‡dXY4 ‡dTOH ‡dRCL ‡dVP@ ‡dJBI ‡dFMU ‡dOCLCF ‡dGL4 ‡dPPR
020 . ‡a9781338702095 ‡q(hardcover)
020 . ‡a1338702092 ‡q(hardcover)
035 . ‡a(OCoLC)1346150950
08204. ‡a[Fic] ‡223/eng/20220922
1001 . ‡aSiddiqui, Maleeha, ‡eauthor.
24510. ‡aBhai for now / ‡cMaleeha Siddiqui.
250 . ‡aFirst edition.
264 1. ‡aNew York : ‡bScholastic Press, ‡c2022.
264 4. ‡c©2022
300 . ‡a277 pages ; ‡c22 cm
336 . ‡atext ‡btxt ‡2rdacontent
337 . ‡aunmediated ‡bn ‡2rdamedia
338 . ‡avolume ‡bnc ‡2rdacarrier
520 . ‡a"When Ashar and Shaheer meet, they quickly discover they're twins and will stop at nothing to get to know the parent they've been separated from, learning along the way that they may not like each other, but they definitely need each other."-- ‡cProvided by publisher.
650 0. ‡aTwins ‡vJuvenile fiction. ‡0(LARL_NWRL_CONSORTIUM)167782
650 0. ‡aIdentical twins ‡vJuvenile fiction.
650 0. ‡aBrothers ‡vJuvenile fiction. ‡0(LARL_NWRL_CONSORTIUM)170953
650 0. ‡aFamilies ‡vJuvenile fiction. ‡0(LARL_NWRL_CONSORTIUM)164956
650 0. ‡aMoving, Household ‡vJuvenile fiction. ‡0(LARL_NWRL_CONSORTIUM)173368
650 0. ‡aMuslim families ‡vJuvenile fiction.
650 0. ‡aPakistani Americans ‡vJuvenile fiction.
650 0. ‡aFalse personation ‡vJuvenile fiction.
650 1. ‡aTwins ‡vFiction. ‡0(LARL_NWRL_CONSORTIUM)167632
650 1. ‡aBrothers ‡vFiction. ‡0(LARL_NWRL_CONSORTIUM)163686
650 1. ‡aFamilies ‡vFiction. ‡0(LARL_NWRL_CONSORTIUM)164942
650 1. ‡aMuslim families ‡vFiction.
650 1. ‡aPakistani Americans ‡vFiction.
650 7. ‡aJUVENILE FICTION / Family / Siblings. ‡2bisacsh
650 7. ‡aFamily members ‡vJuvenile fiction. ‡2homoit
655 7. ‡aNovels. ‡2lcgft
905 . ‡uvanderl
901 . ‡a405450 ‡b ‡c405450 ‡tbiblio ‡soclc

Additional Resources